000 00950nmc a2200349 a 4500
003 AR-BaBNM
005 20251128204248.0
008 095019s1979 ||||||||||||||000 | spa||
020 _a84-206-3036-5
040 _cAR-BaBNM
100 1 _aKafka, Franz
245 1 0 _aCartas a Felice y otra correspondencia de la época del noviazgo
_b1914-17
_n3
250 _a2ª ed.
260 _aMadrid
_bAlianza editorial
_c1979
300 0 _a791 p.
490 0 _aAlianza Tres
_vv. 3
500 0 _aPablo Sorozábal Serrano traductor
500 0 _aTabla cronológica 1912-1916
600 1 4 _aBauer, Felice
650 4 _aCORRESPONDENCIA
650 4 _aAMOR
650 4 _aHISTORIAS DE AMOR
650 4 _aESCRITORES
650 4 _aSIGLO VEINTE
653 0 _aLITERATURA CABALLERESCA
653 0 _aLITERATURA ESLAVA
655 _aLITERATURA
700 1 _aHeller, Erich
_eeditor
700 1 _aBorn, Jürgen
_eeditor
942 _cBK
998 _cEthel
999 _c6759
_d6759